Statistics for AFI's Top 10 Films in 10 Genres

Click here to take the quiz!

General Stats

  • This quiz has been taken 191 times
  • The average score is 40 of 100

Answer Stats

#GenreMovie% Correct
1GangsterThe Godfather
86%
6Toy Story
84%
1AnimationSnow White and the Seven Dwarfs
81%
3The Godfather Part II
78%
2The Lord of the Rings, The Fellowship of the Ring
77%
212 Angry Men
73%
1Sci-Fi2001, A Space Odyssey
73%
2Goodfellas
71%
2Ben-Hur
69%
7Beauty and the Beast
65%
4The Lion King
65%
6When Harry met Sally
65%
9Cinderella
61%
4Gone with the Wind
61%
5Fantasia
60%
1Courtroom DramaTo Kill a Mockingbird
59%
1EpicLawrence of Arabia
58%
2Pinocchio
57%
1WesternThe Searchers
57%
1MysteryVertigo
57%
3Bambi
55%
4Unforgiven
54%
2High Noon
53%
2Rocky
53%
1SportsRaging Bull
52%
3Rear Window
52%
5A Few Good Men
50%
7Alien
50%
8Shrek
48%
10The Ten Commandments
48%
10Scarface
47%
6Field of Dreams
46%
10Finding Nemo
46%
5Spartacus
46%
9Stagecoach
46%
7North by Northwest
45%
6The Maltese falcon
45%
6Titanic
45%
6Blade Runner
44%
3The Pride of the Yankees
44%
4Hoosiers
42%
1FantasyThe Wizard of Oz
42%
3It Happened One Night
41%
10Sleepless in Seattle
40%
7Butch Cassidy and the Sundance Kid
39%
3Shane
39%
2Annie Hall
38%
2Chinatown
38%
7Pulp Fiction
37%
5The Philadelphia Story
37%
3Its a Wonderful Life
35%
8Saving Private Ryan
35%
4The Verdict
35%
10Jerry Maguire
34%
2Star Wars, A New Hope
34%
4White Heat
34%
8The Public Enemy
33%
4A Clockwork Orange
31%
5Bonnie and Clyde
31%
5Bull Durham
31%
6The Wild Bunch
31%
4King Kong
30%
4Roman Holiday
30%
10Back to the Future
29%
3Schindler's List
29%
6Witness for the Prosecution
28%
10Big
27%
9Little Caesar
27%
1Romantic ComedyCity Lights
26%
5Red River
26%
9Dial M for Murder
25%
10Judgement at Nuremberg
25%
3Kramer vs Kramer
25%
5The Third Man
25%
10The Usual Suspects
25%
7Anatomy of a Murder
24%
7Caddyshack
24%
8Moonstruck
24%
8Terminator 2, Judgement Day
23%
7Adams Rib
22%
8Breaking Away
22%
10Cat Ballou
22%
9Invasion of the Body Snatchers
22%
9Reds
22%
5The Day the Earth Stood Still
22%
7Harvey
20%
8Mccabe and Mrs. Miller
20%
6The Hustler
20%
7All Quiet on the Western Front
19%
3E.T. Extra Terrestrial
19%
8Groundhog Day
19%
9Harold and Muade
19%
4Laura
19%
5Miracle on 34th Street
19%
9National Velvet
18%
9The Thief of Bagdad
18%
9A Cry in the Dark
17%
8In Cold Blood
17%
6Scarface. The Shame of a Nation
17%
8Blue Velvet
16%

Score Distribution

Percentile by Number Answered

Percent of People with Each Score

Your Score History

You have not taken this quiz